[Event "AUTch-online Rapid U14 boys"]
[Site "AUT_boys_U14_NEU"]
[Date "2020.12.13"]
[Round "2"]
[White "Alexander Hörfarter"]
[Black "LabSep"]
[Result "0-1"]
[WhiteElo "1397"]
[BlackElo "1558"]
[Annotator "NA"]
[PlyCount "85"]
[EventDate "2020.12.13"]
[EventType "blitz"]

1. e4 {[%emt 0:00:05]} d6 {[%emt 0:00:01]} 2. d4 {[%emt 0:00:02]} Nf6 {[%emt 0:00:02]} 3. Nc3 {[%emt 0:00:03]} g6 {[%emt 0:00:03]} 4. Nf3 {[%emt 0:00:03]} Bg7 {[%emt 0:00:03]} 5. Be3 {[%emt 0:00:10]} O-O {[%emt 0:00:04]} 6. Bd3 {[%emt 0:00:07]} c6 {[%emt 0:00:07]} 7. O-O {[%emt 0:00:04]} Nbd7 {[%emt 0:00:05]} 8. Qd2 {[%emt 0:00:03]} Re8 {[%emt 0:00:05]} 9. Bh6 {[%emt 0:00:07]} Bh8 {[%emt 0:00:06]} 10. Rfe1 {[%emt 0:00:05]} e5 {[%emt 0:00:13]} 11. dxe5 {[%emt 0:00:04]} Nxe5 {[%emt 0:00:07]} 12. Nxe5 {[%emt 0:00:02]} dxe5 {[%emt 0:00:02]} 13. Bg5 {[%emt 0:00:04]} Qd6 {[%emt 0:00:14]} 14. Qe3 {[%emt 0:00:06]} Be6 {[%emt 0:00:13]} 15. Qf3 {[%emt 0:00:17]} Bg4 {[%emt 0:00:19]} 16. Qg3 {[%emt 0:00:08]} Be6 {[%emt 0:00:06]} 17. Qe3 {[%emt 0:00:05]} Ng4 {[%emt 0:00:26]} 18. Qf3 {[%emt 0:00:02]} f6 {[%emt 0:00:16]} 19. Bh4 {[%emt 0:00:06]} Rf8 {[%emt 0:00:29]} 20. Rad1 {[%emt 0:00:05]} Qe7 {[%emt 0:00:06]} 21. h3 {[%emt 0:00:07]} Nh6 {[%emt 0:00:03]} 22. Qg3 {[%emt 0:00:05]} Rad8 {[%emt 0:00:21]} 23. Qe3 {[%emt 0:00:05]} Bg7 {[%emt 0:00:09]} 24. Bg3 {[%emt 0:00:28]} b5 {[%emt 0:00:09]} 25. b3 {[%emt 0:00:19]} f5 {[%emt 0:00:40]} 26. exf5 {[%emt 0:00:04]} Nxf5 {[%emt 0:00:04]} 27. Qf3 {[%emt 0:00:16]} Nd4 {[%emt 0:00:26]} 28. Qe3 {[%emt 0:00:10]} Bf5 {[%emt 0:00:38]} 29. Bxf5 {[%emt 0:00:03]} Rxf5 {[%emt 0:00:12]} 30. Rc1 {[%emt 0:00:09]} c5 {[%emt 0:00:48]} 31. Ne2 {[%emt 0:00:21]} Qf7 {[%emt 0:00:28]} 32. Nxd4 {[%emt 0:00:07]} exd4 {[%emt 0:00:03]} 33. Qe6 {[%emt 0:00:13]} Bh6 {[%emt 0:00:11]} 34. Qxf7+ {[%emt 0:00:04]} Kxf7 {[%emt 0:00:02]} 35. Rcd1 {[%emt 0:00:02]} c4 {[%emt 0:00:13]} 36. Be5 {[%emt 0:00:19]} d3 {[%emt 0:00:05]} 37. cxd3 {[%emt 0:00:05]} cxd3 {[%emt 0:00:12]} 38. Bc3 {[%emt 0:00:18]} d2 {[%emt 0:00:16]} 39. Re2 {[%emt 0:00:06]} Rc5 {[%emt 0:00:10]} 40. Bb4 {[%emt 0:00:32]} Rc1 {[%emt 0:00:11]} 41. Rexd2 {[%emt 0:00:25]} Rxd1+ {[%emt 0:00:05]} 42. Rxd1 {[%emt 0:00:02]} Rxd1+ {[%emt 0:00:00]} 43. Kh2 {[%emt 0:00:01] Alexander Hörfarter resigns} 0-1

[Event "AUTch-online Rapid U14 boys"]
[Site "AUT_boys_U14_NEU"]
[Date "2020.12.13"]
[Round "2"]
[White "Valib"]
[Black "ALM"]
[Result "0-1"]
[WhiteElo "1367"]
[BlackElo "1577"]
[Annotator "NA"]
[PlyCount "118"]
[EventDate "2020.12.13"]
[EventType "blitz"]

1. e4 {[%emt 0:00:03]} c5 {[%emt 0:00:02]} 2. Bc4 {[%emt 0:00:04]} e6 {[%emt 0:00:04]} 3. Nf3 {[%emt 0:00:02]} a6 {[%emt 0:00:01]} 4. d3 {[%emt 0:00:06]} b5 {[%emt 0:00:01]} 5. Bb3 {[%emt 0:00:03]} Bb7 {[%emt 0:00:01]} 6. a3 {[%emt 0:00:04]} d6 {[%emt 0:00:05]} 7. O-O {[%emt 0:00:06]} Nc6 {[%emt 0:00:01]} 8. h3 {[%emt 0:00:05]} Be7 {[%emt 0:00:01]} 9. Qe2 {[%emt 0:00:08]} Nf6 {[%emt 0:00:02]} 10. Bg5 {[%emt 0:00:03]} O-O {[%emt 0:00:03]} 11. Nc3 {[%emt 0:00:02]} Qc7 {[%emt 0:00:04]} 12. Bxf6 {[%emt 0:00:03]} Bxf6 {[%emt 0:00:02]} 13. Qd2 {[%emt 0:00:01]} Rac8 {[%emt 0:00:27]} 14. Ba2 {[%emt 0:00:07]} Nd4 {[%emt 0:00:33]} 15. Nxd4 {[%emt 0:00:35]} cxd4 {[%emt 0:00:01]} 16. Nd1 {[%emt 0:00:01]} Qxc2 {[%emt 0:00:01]} 17. Qxc2 {[%emt 0:00:02]} Rxc2 {[%emt 0:00:00]} 18. Re1 {[%emt 0:00:03]} Rfc8 {[%emt 0:00:03]} 19. Bb3 {[%emt 0:00:04]} Rd2 {[%emt 0:00:18]} 20. f3 {[%emt 0:00:11]} a5 {[%emt 0:00:03]} 21. Nf2 {[%emt 0:00:03]} Rxb2 {[%emt 0:00:03]} 22. Rab1 {[%emt 0:00:05]} Rxb1 {[%emt 0:00:16]} 23. Rxb1 {[%emt 0:00:00]} Bg5 {[%emt 0:00:08]} 24. a4 {[%emt 0:00:14]} b4 {[%emt 0:00:05]} 25. Kh2 {[%emt 0:00:10]} Rc3 {[%emt 0:00:13]} 26. Kg3 {[%emt 0:00:06]} h5 {[%emt 0:00:05]} 27. f4 {[%emt 0:00:02]} Bf6 {[%emt 0:00:08]} 28. h4 {[%emt 0:00:14]} Ba6 {[%emt 0:00:05]} 29. Kh3 {[%emt 0:00:08]} Bxd3 {[%emt 0:00:02]} 30. Nxd3 {[%emt 0:00:02]} Rxd3+ {[%emt 0:00:00]} 31. g3 {[%emt 0:00:01]} Rc3 {[%emt 0:00:06]} 32. Kg2 {[%emt 0:00:07]} d3 {[%emt 0:00:11]} 33. Kf2 {[%emt 0:00:03]} Bd4+ {[%emt 0:00:01]} 34. Ke1 {[%emt 0:00:02]} e5 {[%emt 0:00:06]} 35. Kd2 {[%emt 0:00:04]} Bf2 {[%emt 0:00:09]} 36. fxe5 {[%emt 0:00:18]} Bxg3 {[%emt 0:00:10]} 37. exd6 {[%emt 0:00:02]} Bxd6 {[%emt 0:00:04]} 38. Bd1 {[%emt 0:00:06]} Bf4+ {[%emt 0:00:04]} 39. Ke1 {[%emt 0:00:02]} d2+ {[%emt 0:00:18]} 40. Ke2 {[%emt 0:00:01]} Rc1 {[%emt 0:00:39]} 41. Rb3 {[%emt 0:00:12]} Rc3 {[%emt 0:00:06]} 42. Rb1 {[%emt 0:00:05]} g5 {[%emt 0:00:10]} 43. hxg5 {[%emt 0:00:11]} Bxg5 {[%emt 0:00:03]} 44. Kf2 {[%emt 0:00:04]} h4 {[%emt 0:00:01]} 45. Kg2 {[%emt 0:00:01]} Kg7 {[%emt 0:00:12]} 46. Kh2 {[%emt 0:00:06]} Bf4+ {[%emt 0:00:10]} 47. Kg2 {[%emt 0:00:02]} h3+ {[%emt 0:00:01]} 48. Kh1 {[%emt 0:00:01]} h2 {[%emt 0:00:17]} 49. Rb2 {[%emt 0:00:05]} Rg3 {[%emt 0:00:11]} 50. Kxh2 {[%emt 0:00:13]} Rb3+ {[%emt 0:00:01]} 51. Kg2 {[%emt 0:00:03]} Rxb2 {[%emt 0:00:01]} 52. Kf3 {[%emt 0:00:02]} Rb1 {[%emt 0:00:01]} 53. Ke2 {[%emt 0:00:03]} b3 {[%emt 0:00:03]} 54. Bxb3 {[%emt 0:00:04]} Rxb3 {[%emt 0:00:03]} 55. Kd1 {[%emt 0:00:02]} Rb1+ {[%emt 0:00:02]} 56. Kc2 {[%emt 0:00:01]} d1=Q+ {[%emt 0:00:01]} 57. Kc3 {[%emt 0:00:01]} Rc1+ {[%emt 0:00:02]} 58. Kb2 {[%emt 0:00:01]} Be5+ {[%emt 0:00:03]} 59. Ka3 {[%emt 0:00:02]} Ra1# {[%emt 0:00:03] Mate} 0-1

[Event "AUTch-online Rapid U14 boys"]
[Site "AUT_boys_U14_NEU"]
[Date "2020.12.13"]
[Round "2"]
[White "Luk Stadlinger"]
[Black "Chessking1304"]
[Result "1-0"]
[WhiteElo "1285"]
[BlackElo "1655"]
[Annotator "NA"]
[PlyCount "44"]
[EventDate "2020.12.13"]
[EventType "blitz"]

1. e4 {[%emt 0:00:02] Luk Stadlinger reconnected.} d6 {[%emt 0:01:14] Luk Stadlinger reconnected.} 2. d4 {[%emt 0:00:09]} Nf6 {[%emt 0:00:04]} 3. Nc3 {[%emt 0:00:02]} g6 {[%emt 0:00:01]} 4. Nf3 {[%emt 0:00:23]} Bg7 {[%emt 0:00:02]} 5. Bf4 {[%emt 0:00:17]} O-O {[%emt 0:00:05]} 6. Qd2 {[%emt 0:00:08]} c6 {[%emt 0:00:16]} 7. Bd3 {[%emt 0:00:46]} Nbd7 {[%emt 0:00:08]} 8. O-O {[%emt 0:00:06]} Qc7 {[%emt 0:00:12]} 9. Bh6 {[%emt 0:00:02]} e5 {[%emt 0:00:04]} 10. Bxg7 {[%emt 0:00:06]} Kxg7 {[%emt 0:00:01]} 11. dxe5 {[%emt 0:01:28]} Nxe5 {[%emt 0:00:00]} 12. Nxe5 {[%emt 0:00:04]} dxe5 {[%emt 0:00:00]} 13. Bc4 {[%emt 0:00:03]} b5 {[%emt 0:00:08]} 14. Bb3 {[%emt 0:00:03]} a5 {[%emt 0:00:02]} 15. a3 {[%emt 0:00:02]} Ba6 {[%emt 0:00:04]} 16. Rfe1 {[%emt 0:01:01]} Rfd8 {[%emt 0:01:13]} 17. Qe3 {[%emt 0:00:04]} Rd4 {[%emt 0:00:50]} 18. f3 {[%emt 0:00:39]} Rad8 {[%emt 0:00:54]} 19. Rad1 {[%emt 0:01:06]} b4 {[%emt 0:00:23]} 20. axb4 {[%emt 0:00:36]} axb4 {[%emt 0:00:03]} 21. Rxd4 {[%emt 0:01:01]} exd4 {[%emt 0:00:03]} 22. Qg5 {[%emt 0:00:06]} h6 {[%emt 0:00:44]} 1-0